Qué es la matemática ?: una exposición elemental de sus ideas y métodos

Gorde:
Xehetasun bibliografikoak
Egile Nagusiak: Courant, Richard (Egilea), Robbins, Herbert (Egilea)
Formatua: Liburua
Hizkuntza:gaztelania
Argitaratua: Madrid Aguilar 1955
Gaiak:
Etiketak: Etiketa erantsi
Etiketarik gabe, Izan zaitez lehena erregistro honi etiketa jartzen!

MARC

LEADER 00000nam a2200000 a 4500
001 UCV8023
003 CL-VaPUC
008 900416e19550000SP |||||||||||||||||spa|d
082 0 4 |a 510  |b COU  |2 21 
100 0 |a Courant, Richard  |e author  |9 302107 
700 0 |a Robbins, Herbert  |e author  |9 302108 
245 1 0 |a Qué es la matemática ?: una exposición elemental de sus ideas y métodos 
300 |a 534 p 
942 |c BK 
945 |d 19900416 00:00:00 
260 |a Madrid  |b Aguilar  |c 1955 
650 0 |a Matemática  |9 260235 
650 0 |a Geometría   |9 264063 
650 0 |a Cálculo  |9 260234 
650 0 |a Números   |9 265328 
583 |a last modification  |c 19900416 00:00:00  |k Rodrigo Vera 
999 |c 213614  |d 213612 
952 |0 0  |1 0  |4 0  |6 510_000000000000000_COU_1955  |7 0  |8 A  |9 196153  |a BIBMAT  |b BIBMAT  |d 2019-11-14  |i 2640724  |o 510 COU 1955  |p 2640724  |r 2025-01-07  |w 2019-11-14  |y BK  |k MAT 
952 |0 0  |1 0  |4 0  |6 510_000000000000000_COU_1955  |7 0  |8 A  |9 196154  |a BIBMAT  |b BIBMAT  |d 2019-11-14  |i 1492764  |o 510 COU 1955  |p 1492764  |r 2025-01-07  |w 2019-11-14  |y BK  |k MAT